Skúsenosť ducha. : Turíčne meditácie. /

Uložené v:
Podrobná bibliografia
Hlavný autor: Rahner, Karl (Author)
Médium: Kniha
Jazyk:Slovak
German
Vydané: Prešov : Vydavateľstvo Michala Vaška, 1999
Vydanie:1. vyd.
Témy:
ISBN: 8071651753 (brož.)
Fyzický popis: 53 s.
Tagy: Pridať tag
Žiadne tagy, Buďte prvý kto otaguje tento záznam!

MARC

LEADER 00000nam a2200000 a 4500
001 000042821
003 SVKK
005 19991001000000.0
008 990818s1999 xo e sloo
020 |a 8071651753 (brož.) 
040 |a SVKKK  |b slo  |c SVKKK  |e AACR2 
041 1 |a slo  |h ger 
044 |a xo  |c SK 
080 |a 242  |2 1997 
100 1 |a Rahner, Karl  |4 aut 
245 1 0 |a Skúsenosť ducha. :  |b Turíčne meditácie. /  |c Karl Rahner 
250 |a 1. vyd. 
260 |a Prešov :  |b Vydavateľstvo Michala Vaška,  |c 1999 
300 |a 53 s. 
653 0 |a meditácie  |2 SVKKKPH 
655 7 |a monografie  |2 SVKKKPH 
910 |a svkkk 
919 |a 80-7165-175-3 
974 |a UH  |d 19990927 
974 |a KL  |d 19990907 
974 |a MI  |d 19991001 
998 |a BK 
090 |g SCKHL  |k Sklad Pribinova 2. posch.  |a III.184140  |j 926981  |i 2720119527  |s Absenčne